Squadre Friulane state in Serie B - Statistics

Statistiche generali
  • Questo quiz è stato fatto 18 volte
  • Il punteggio medio è 3 su 5
Statistiche sulle risposte
Partecipazioni Squadra % Corretto
22 Triestina
100%
18 Udinese
100%
3 Pordenone
94%
4 Monfalcone
25%
2 Pro Gorizia
25%
Nessun quiz corrispondente trovato
Distribuzione punteggi
Percentuale di utenti per punteggio
Percentile per numero di risposta
I tuoi punteggi nel tempo
Non hai fatto questo quiz